00751nam a2200193Ia 4500008004100000245003600041245020800077260001900285260001700304260000900321300004400330300002800374300001400402650001300416650003400429650005300463650002600516650001500542160319s9999 xx 000 0 und d aNazis : the occult conspiracy / cproduced by Annabar Pictures, Inc. for Discovery Channel ; produced and directed by Tracy Atkinson, Joan Baran ; executive producer, Mark Fichandler ; written by Tracy Atkinson, Joan Baran, Lester Shane. aPhilippines :  bMagnavision. c2002 a2 VCD-video (approximately 120 mins.) : bdigital, sound color ;  c4 3/4 in. aGermany. aHolocaust, Jewish (1939-1945) aNationalsozialistische Deutsche Arbeiter-Partei. aOccultism -- Germany. aOccultism.